Normal view
MARC view
Entry Topical Term
001 - CONTROL NUMBER
- control field: 237785
003 - CONTROL NUMBER IDENTIFIER
- control field: OSt
005 - DATE AND TIME OF LATEST TRANSACTION
- control field: 20250829160300.0
008 - FIXED-LENGTH DATA ELEMENTS
- fixed length control field: 250829|| aca||aabn | a|a d
040 ## - CATALOGING SOURCE
- Original cataloging agency: OSt
- Transcribing agency: OSt
150 ## - HEADING--TOPICAL TERM
- Topical term or geographic name entry element: ಆಯ್ದ ಮರಾಠಿ ಕತೆಗಳು . ayda marati kathegalu
670 ## - SOURCE DATA FOUND
- Source citation: Work cat.: (OSt)104890: CHAUGALE (D S). ಚೌಗಲೆ (ಡಿ ಎಸ್ ) 233630, Ninna mele sittilla maayi.., 2001